[Event "Sofia MGU op 193rd"]
[Site "Sofia"]
[Date "2017.10.22"]
[Round "5"]
[White "Babatov, Martin"]
[Black "Sapareva, Magdalena"]
[Result "0-1"]
[WhiteElo "1755"]
[BlackElo "1496"]
[PlyCount "30"]
[EventDate "2017.10.21"]
[EventType "swiss"]
[EventRounds "6"]
[EventCountry "BUL"]
[SourceTitle "CBM 181 Extra"]
[Source "ChessBase"]
[SourceDate "2017.12.12"]
[SourceVersion "1"]
[SourceVersionDate "2017.12.12"]
[SourceQuality "1"]

1. f4 d5 2. Nf3 Nc6 3. e3 Nf6 4. b3 e6 5. Bb2 Be7 6. Be2 Ne4 7. 0-0 Bf6 8. Bxf6 Qxf6 9. Na3 a6 10. c4 Bd7 11. Qc2 h6 12. cxd5 exd5 13. Rac1 Qd6 14. d3 Nf6 15. h3 Qxa3 0-1

[Event "Sofia MGU op 186th"]
[Site "Sofia"]
[Date "2017.05.28"]
[Round "5"]
[White "Simeonov, Daniel"]
[Black "Sapareva, Magdalena"]
[Result "1-0"]
[WhiteElo "1481"]
[BlackElo "1481"]
[PlyCount "91"]
[EventDate "2017.05.27"]
[EventType "swiss"]
[EventRounds "6"]
[EventCountry "BUL"]
[SourceTitle "CBM 178 Extra"]
[Source "ChessBase"]
[SourceDate "2017.06.22"]
[SourceVersion "1"]
[SourceVersionDate "2017.06.22"]
[SourceQuality "1"]

1. d4 d5 2. e3 c5 3. Nf3 e6 4. c4 Nf6 5. Nc3 a6 6. a4 Nc6 7. Bd3 cxd4 8. exd4 dxc4 9. Bxc4 Be7 10. 0-0 0-0 11. Bf4 Bd6 12. Be5 Bxe5 13. dxe5 Qxd1 14. Rfxd1 Ng4 15. Re1 Bd7 16. h3 Na5 17. Ba2 Nh6 18. Ne4 b6 19. Nd6 Kh8 20. g4 Nc6 21. Rad1 Ra7 22. Ng5 Nd8 23. Bb1 g6 24. b3 Kg7 25. Nge4 Ng8 26. g5 Bc6 27. Nf6 Ne7 28. Nc4 Nd5 29. Rd2 Nf4 30. Kh2 b5 31. Red1 Bf3 32. Nd7 Rh8 33. Ne3 Bxd1 34. Rxd1 Nd5 35. Nf6 Nxe3 36. fxe3 bxa4 37. bxa4 Nc6 38. Ng4 Rd8 39. Rc1 Nb4 40. Kg3 a5 41. Be4 Rad7 42. Rc5 Rd5 43. Bxd5 Rxd5 44. Rc8 f6 45. gxf6+ Kf7 46. Nh6# 1-0

[Event "Sofia MGU op 186th"]
[Site "Sofia"]
[Date "2017.05.27"]
[Round "1"]
[White "Stoyanov, Georgi"]
[Black "Sapareva, Magdalena"]
[Result "1-0"]
[WhiteElo "1892"]
[BlackElo "1481"]
[PlyCount "53"]
[EventDate "2017.05.27"]
[EventType "swiss"]
[EventRounds "6"]
[EventCountry "BUL"]
[SourceTitle "CBM 178 Extra"]
[Source "ChessBase"]
[SourceDate "2017.06.22"]
[SourceVersion "1"]
[SourceVersionDate "2017.06.22"]
[SourceQuality "1"]

1. e4 e5 2. Nf3 Nc6 3. Bc4 h6 4. 0-0 Nf6 5. d4 exd4 6. e5 Nh7 7. Nxd4 Be7 8. f4 0-0 9. Be3 Nxd4 10. Qxd4 c6 11. Nc3 b5 12. Bd3 Re8 13. Ne4 Qc7 14. b4 a5 15. a3 Nf8 16. f5 Rd8 17. Nd6 Bxd6 18. exd6 Qb8 19. f6 Ne6 20. Qh4 Qxd6 21. fxg7 Nxg7 22. Qxd8+ Qf8 23. Qf6 d6 24. Bxh6 Be6 25. bxa5 d5 26. Rf3 Qc5+ 27. Kh1 1-0

[Event "Sofia MGU op 184th"]
[Site "Sofia"]
[Date "2017.04.02"]
[Round "4"]
[White "Georgiev, Nikolay"]
[Black "Sapareva, Magdalena"]
[Result "0-1"]
[WhiteElo "1574"]
[BlackElo "1472"]
[PlyCount "70"]
[EventDate "2017.04.01"]
[EventType "swiss"]
[EventRounds "6"]
[EventCountry "BUL"]
[SourceTitle "CBM 177 Extra"]
[Source "ChessBase"]
[SourceDate "2017.04.27"]
[SourceVersion "1"]
[SourceVersionDate "2017.04.27"]
[SourceQuality "1"]

1. e4 d6 2. Nc3 Nf6 3. Bc4 e5 4. d3 h6 5. Nge2 a6 6. a3 Nc6 7. Ng3 Nd4 8. 0-0 Be7 9. Nd5 Nxd5 10. Bxd5 0-0 11. c3 Ne6 12. Nf5 Ng5 13. h4 c6 14. Ba2 Bxf5 15. hxg5 Bg6 16. gxh6 d5 17. Qg4 Qc8 18. Qg3 gxh6 19. Bxh6 Re8 20. exd5 Qf5 21. dxc6 bxc6 22. Rad1 Rad8 23. Rfe1 Bf6 24. Bc1 Rxd3 25. Rxd3 Qxd3 26. Qxd3 Bxd3 27. f3 Be7 28. Bb3 Bc5+ 29. Be3 Bxe3+ 30. Rxe3 Bg6 31. Bc4 a5 32. Kf2 Kg7 33. b4 axb4 34. axb4 f5 35. Bd3 f4 0-1

[Event "Sofia MGU op 184th"]
[Site "Sofia"]
[Date "2017.04.01"]
[Round "2"]
[White "Sapareva, Magdalena"]
[Black "Kostov, Nikolai"]
[Result "0-1"]
[WhiteElo "1472"]
[BlackElo "1668"]
[PlyCount "52"]
[EventDate "2017.04.01"]
[EventType "swiss"]
[EventRounds "6"]
[EventCountry "BUL"]
[SourceTitle "CBM 177 Extra"]
[Source "ChessBase"]
[SourceDate "2017.04.27"]
[SourceVersion "1"]
[SourceVersionDate "2017.04.27"]
[SourceQuality "1"]

1. b4 c6 2. a3 e5 3. Bb2 d6 4. d3 g6 5. e4 Bg7 6. Nf3 Be6 7. c4 a5 8. Be2 Nh6 9. 0-0 0-0 10. Nbd2 f5 11. d4 Nd7 12. exf5 Bxf5 13. dxe5 dxe5 14. Nb3 a4 15. Nc5 Nxc5 16. bxc5 Re8 17. Qxd8 Raxd8 18. Nh4 Rd2 19. Nxf5 Nxf5 20. Bd1 Rxb2 21. Bxa4 e4 22. Rab1 Rxb1 23. Rxb1 Re7 24. Bd1 Bd4 25. a4 e3 26. fxe3 Bxc5 0-1

[Event "Sofia MGU op 176th"]
[Site "Sofia"]
[Date "2016.12.11"]
[Round "4"]
[White "Sapareva, Magdalena"]
[Black "Shalamanov, Vladimir"]
[Result "0-1"]
[WhiteElo "1483"]
[BlackElo "1725"]
[PlyCount "60"]
[EventDate "2016.12.10"]
[EventType "swiss"]
[EventRounds "9"]
[EventCountry "BUL"]
[SourceTitle "CBM 176 Extra"]
[Source "ChessBase"]
[SourceDate "2017.03.02"]
[SourceVersion "1"]
[SourceVersionDate "2017.03.02"]
[SourceQuality "1"]

1. b4 e5 2. Bb2 Bxb4 3. Bxe5 Nf6 4. a3 Ba5 5. Bb2 0-0 6. Nf3 d5 7. e3 Re8 8. Be2 c6 9. 0-0 Bg4 10. Nd4 Bxe2 11. Nxe2 Qd6 12. Ng3 Bc7 13. d3 Nbd7 14. Nd2 h6 15. Qf3 h5 16. Qf4 Qxf4 17. exf4 Bxf4 18. Nf3 Bxg3 19. hxg3 Re2 20. Nd4 Ree8 21. Rae1 Rxe1 22. Rxe1 Re8 23. Rb1 c5 24. Nb5 Re2 25. Nxa7 Rxc2 26. f3 d4 27. Bc1 Nd5 28. Bf4 b6 29. Nc8 Rc3 30. Nd6 Rxd3 0-1

[Event "Sofia MGU op 176th"]
[Site "Sofia"]
[Date "2016.12.10"]
[Round "1"]
[White "Sapareva, Magdalena"]
[Black "Kolev, Lachezar"]
[Result "0-1"]
[WhiteElo "1483"]
[BlackElo "1856"]
[PlyCount "94"]
[EventDate "2016.12.10"]
[EventType "swiss"]
[EventRounds "9"]
[EventCountry "BUL"]
[SourceTitle "CBM 176 Extra"]
[Source "ChessBase"]
[SourceDate "2017.03.02"]
[SourceVersion "1"]
[SourceVersionDate "2017.03.02"]
[SourceQuality "1"]

1. b4 Nf6 2. Bb2 e6 3. a3 c5 4. b5 d5 5. e3 Be7 6. c4 0-0 7. Nf3 b6 8. h3 Bb7 9. Be2 a6 10. a4 axb5 11. axb5 Rxa1 12. Bxa1 Nbd7 13. d3 Qc7 14. Nbd2 Ra8 15. 0-0 e5 16. Qc2 d4 17. e4 Nf8 18. Bb2 Ng6 19. g3 Bc8 20. Kh2 Qd7 21. Ng1 h5 22. Qd1 h4 23. g4 Nh7 24. Bc1 Ng5 25. Nb3 Ne6 26. Bf3 Bg5 27. Ne2 Qe7 28. Bg2 Ra2 29. Nd2 Qf6 30. Nf3 Bxc1 31. Nxc1 Ra3 32. Qd2 Nef4 33. Ne1 Be6 34. Ne2 Nxe2 35. Qxe2 Nf4 36. Qd2 Rc3 37. f3 Nxd3 38. Nxd3 Bxc4 39. Ne1 Bxf1 40. Bxf1 Qe6 41. Qg5 Qa2+ 42. Bg2 Qf2 43. Qxe5 Qxe1 44. Qe8+ Kh7 45. Qe5 Qg3+ 46. Qxg3 hxg3+ 47. Kxg3 d3 0-1

[Event "Sofia MGU op 174th"]
[Site "Sofia"]
[Date "2016.11.06"]
[Round "5"]
[White "Sapareva, Magdalena"]
[Black "Bozilov, Dragan"]
[Result "0-1"]
[WhiteElo "1514"]
[BlackElo "2084"]
[PlyCount "74"]
[EventDate "2016.11.05"]
[EventType "swiss"]
[EventRounds "6"]
[EventCountry "BUL"]
[SourceTitle "CBM 175 Extra"]
[Source "ChessBase"]
[SourceDate "2016.12.12"]
[SourceVersion "1"]
[SourceVersionDate "2016.12.12"]
[SourceQuality "1"]

1. b4 e5 2. Bb2 Bxb4 3. Bxe5 Nf6 4. a3 Be7 5. Nf3 d6 6. Bb2 0-0 7. e3 b6 8. Be2 Bb7 9. 0-0 Nbd7 10. d4 d5 11. Nbd2 Bd6 12. h3 Re8 13. c4 c5 14. dxc5 Bxc5 15. Nb3 Bf8 16. Bd4 Rc8 17. Nbd2 Ne4 18. Nxe4 dxe4 19. Nd2 Nc5 20. a4 Qg5 21. Bxc5 Bxc5 22. a5 Rcd8 23. Qc2 Bxe3 24. Qa4 Bxd2 25. axb6 axb6 26. Rab1 e3 27. f3 Re6 28. Rb5 Qg3 29. Kh1 Rg6 30. Rg1 Be1 31. Rb1 Bf2 32. c5 Bxg1 33. Rxg1 bxc5 34. Qb5 Bc8 35. Bc4 Rf8 36. Qxc5 Bxh3 37. Bf1 e2 0-1

[Event "Teteven op 31st"]
[Site "Teteven"]
[Date "2016.08.13"]
[Round "1"]
[White "Arnaudov, Petar"]
[Black "Sapareva, Magdalena"]
[Result "1-0"]
[WhiteElo "1989"]
[BlackElo "1513"]
[PlyCount "39"]
[EventDate "2016.08.13"]
[EventType "swiss"]
[EventRounds "9"]
[EventCountry "BUL"]
[SourceTitle "CBM 173 Extra"]
[Source "ChessBase"]
[SourceDate "2016.08.29"]
[SourceVersion "1"]
[SourceVersionDate "2016.08.29"]
[SourceQuality "1"]

1. e4 e5 2. Nf3 Nc6 3. Bb5 d6 4. d4 exd4 5. Qxd4 Bd7 6. Bxc6 Bxc6 7. Nc3 Qf6 8. Qd3 h6 9. Be3 Ne7 10. 0-0-0 Ng6 11. Rhf1 a6 12. Nd4 Ne5 13. Qe2 Bd7 14. f4 Bg4 15. fxe5 Bxe2 16. exf6 Bxd1 17. Rxd1 gxf6 18. Nd5 0-0-0 19. Nf5 Re8 20. Nxf6 1-0

[Event "Sofia MGU op 151st"]
[Site "Sofia"]
[Date "2015.09.27"]
[Round "4.4"]
[White "Vasilev, Luboslav"]
[Black "Sapareva, Magdalena"]
[Result "1-0"]
[WhiteElo "1832"]
[BlackElo "1567"]
[PlyCount "71"]
[EventDate "2015.09.26"]
[EventType "swiss"]
[EventRounds "6"]
[EventCountry "BUL"]
[SourceTitle "EXT 2016"]
[Source "ChessBase"]
[SourceDate "2015.10.08"]
[SourceVersion "1"]
[SourceVersionDate "2015.10.08"]
[SourceQuality "1"]

1. e4 c5 2. c3 Nc6 3. d4 cxd4 4. cxd4 e6 5. d5 Bb4+ 6. Nc3 exd5 7. exd5 Qe7+ 8. Be3 Ne5 9. Be2 Nf6 10. Nf3 0-0 11. 0-0 Bd6 12. Nb5 a6 13. Nxd6 Qxd6 14. Rc1 Qxd5 15. Qxd5 Nxd5 16. Nxe5 Re8 17. Nc4 Nxe3 18. Nxe3 d6 19. Rfd1 Be6 20. Bc4 b5 21. Bd5 Rab8 22. h3 Kf8 23. Rc6 Bxd5 24. Rxd5 Ra8 25. Rdxd6 a5 26. Rd7 Re7 27. Rcc7 Rxd7 28. Rxd7 Ke8 29. Rb7 b4 30. b3 g6 31. Nc4 h5 32. h4 Rd8 33. Ra7 Rd5 34. Rxa5 Rxa5 35. Nxa5 Kd7 36. Kf1 1-0

[Event "Sofia MGU op 151st"]
[Site "Sofia"]
[Date "2015.09.26"]
[Round "1.4"]
[White "Todorov, Petar G"]
[Black "Sapareva, Magdalena"]
[Result "1-0"]
[WhiteElo "1946"]
[BlackElo "1567"]
[PlyCount "53"]
[EventDate "2015.09.26"]
[EventType "swiss"]
[EventRounds "6"]
[EventCountry "BUL"]
[SourceTitle "EXT 2016"]
[Source "ChessBase"]
[SourceDate "2015.10.08"]
[SourceVersion "1"]
[SourceVersionDate "2015.10.08"]
[SourceQuality "1"]

1. e4 c5 2. Nf3 Nc6 3. Nc3 e6 4. g3 h6 5. Bg2 Nf6 6. 0-0 Be7 7. d4 cxd4 8. Nxd4 a6 9. Nce2 e5 10. Nf5 0-0 11. Nxe7+ Nxe7 12. c4 d6 13. b3 b6 14. Ba3 Ne8 15. Qd2 Bb7 16. Rfd1 Nc8 17. Qc3 Qc7 18. Rd2 f5 19. f4 fxe4 20. fxe5 e3 21. Qxe3 Bxg2 22. Kxg2 Qc6+ 23. Kg1 Rf3 24. Qd4 dxe5 25. Qxe5 Na7 26. Nd4 Qf6 27. Qd5+ 1-0

[Event "Teteven op 30th"]
[Site "Teteven"]
[Date "2015.08.11"]
[Round "2"]
[White "Sapareva, Magdalena"]
[Black "Todorov, Mladen"]
[Result "0-1"]
[WhiteElo "1571"]
[BlackElo "2097"]
[PlyCount "32"]
[EventDate "2015.08.10"]
[EventType "swiss"]
[EventRounds "9"]
[EventCountry "BUL"]
[SourceTitle "CBM 167 Extra"]
[Source "ChessBase"]
[SourceDate "2015.09.14"]
[SourceVersion "1"]
[SourceVersionDate "2015.09.14"]
[SourceQuality "1"]

1. b4 d5 2. Bb2 Bg4 3. h3 Bh5 4. d3 Nd7 5. Nd2 e5 6. a3 Ngf6 7. Qc1 Bd6 8. c4 c6 9. c5 Bc7 10. Ngf3 0-0 11. g4 Bg6 12. Nh4 e4 13. Nxg6 hxg6 14. d4 e3 15. fxe3 Re8 16. Qc3 Bg3+ 0-1

[Event "Sofia MGU op 145th"]
[Site "Sofia"]
[Date "2015.06.14"]
[Round "4"]
[White "Patev, Petko"]
[Black "Sapareva, Magdalena"]
[Result "1-0"]
[WhiteElo "1897"]
[BlackElo "1590"]
[PlyCount "45"]
[EventDate "2015.06.13"]
[EventType "swiss"]
[EventRounds "6"]
[EventCountry "BUL"]
[SourceTitle "CBM 166 Extra"]
[Source "ChessBase"]
[SourceDate "2015.06.18"]
[SourceVersion "1"]
[SourceVersionDate "2015.06.18"]
[SourceQuality "1"]

1. e4 e5 2. Nf3 d6 3. Bc4 h6 4. Nc3 c6 5. d4 b5 6. Bd3 exd4 7. Nxd4 a6 8. b3 c5 9. Nf3 b4 10. Nd5 Nf6 11. Ne3 Bb7 12. Nd2 Be7 13. 0-0 0-0 14. Bb2 Nbd7 15. f4 a5 16. a4 Ba6 17. Qf3 Nb6 18. Rae1 Bb7 19. Nf5 Re8 20. Qg3 g6 21. Nxh6+ Kf8 22. e5 dxe5 23. fxe5 1-0

[Event "Sofia MGU op 124th"]
[Site "Sofia"]
[Date "2014.11.08"]
[Round "1"]
[White "Andreev, Dobrotich"]
[Black "Sapareva, Magdalena"]
[Result "1-0"]
[WhiteElo "1981"]
[BlackElo "1620"]
[PlyCount "29"]
[EventDate "2014.11.08"]
[EventType "swiss"]
[EventRounds "6"]
[EventCountry "BUL"]
[SourceTitle "EXT 2015"]
[Source "ChessBase"]
[SourceDate "2014.11.20"]
[SourceVersion "1"]
[SourceVersionDate "2014.11.20"]
[SourceQuality "1"]

1. e4 c5 2. Nf3 e6 3. d4 cxd4 4. Nxd4 Nf6 5. Nc3 a6 6. e5 Nd5 7. Nxd5 exd5 8. Bd3 Nc6 9. Nxc6 dxc6 10. 0-0 Be6 11. f4 Bc5+ 12. Kh1 Qb6 13. f5 Bc8 14. e6 0-0 15. Qh5 1-0

[Event "Sofia MGU op 123rd"]
[Site "Sofia"]
[Date "2014.11.02"]
[Round "4"]
[White "Kostov, Nikolai"]
[Black "Sapareva, Magdalena"]
[Result "0-1"]
[WhiteElo "1908"]
[BlackElo "1620"]
[PlyCount "54"]
[EventDate "2014.11.01"]
[EventType "swiss"]
[EventRounds "6"]
[EventCountry "BUL"]
[SourceTitle "EXT 2015"]
[Source "ChessBase"]
[SourceDate "2014.11.20"]
[SourceVersion "1"]
[SourceVersionDate "2014.11.20"]
[SourceQuality "1"]

1. d4 Nf6 2. Nf3 h6 3. c4 d6 4. Nc3 e6 5. e4 c6 6. h3 d5 7. Bd3 dxe4 8. Nxe4 Nxe4 9. Bxe4 Bb4+ 10. Bd2 Qa5 11. 0-0 Bxd2 12. Nxd2 0-0 13. Nb3 Qd8 14. Bc2 b6 15. Qd3 f5 16. Rfe1 Qf6 17. c5 Ba6 18. Qe3 Bc4 19. a4 Nd7 20. a5 Bd5 21. axb6 axb6 22. cxb6 Nxb6 23. Nc5 Qg6 24. f3 Nc4 25. Qc3 Rxa1 26. Rxa1 Qg5 27. Re1 Qg3 0-1

[Event "Sofia MGU op 123rd"]
[Site "Sofia"]
[Date "2014.11.02"]
[Round "6"]
[White "Metev, Martin"]
[Black "Sapareva, Magdalena"]
[Result "1-0"]
[WhiteElo "1983"]
[BlackElo "1620"]
[PlyCount "85"]
[EventDate "2014.11.01"]
[EventType "swiss"]
[EventRounds "6"]
[EventCountry "BUL"]
[SourceTitle "EXT 2015"]
[Source "ChessBase"]
[SourceDate "2014.11.20"]
[SourceVersion "1"]
[SourceVersionDate "2014.11.20"]
[SourceQuality "1"]

1. e4 c5 2. Nf3 d6 3. d4 b6 4. dxc5 bxc5 5. Qd5 Qb6 6. Qxa8 e6 7. Nc3 Bd7 8. a4 Ne7 9. e5 d5 10. Bb5 Nec6 11. a5 Qc7 12. a6 Bc8 13. Bxc6+ Nxc6 14. Nb5 Qd7 15. 0-0 Be7 16. Nd6+ Bxd6 17. exd6 0-0 18. Bf4 f6 19. c4 Bxa6 20. Qxf8+ Kxf8 21. Rxa6 e5 22. Bg3 Nb4 23. Ra5 d4 24. Rxc5 Qxd6 25. Rc8+ Kf7 26. Ra1 Qd7 27. Rh8 h6 28. Bxe5 Nc6 29. Bf4 Qf5 30. Bd6 Ke6 31. c5 Kd5 32. b3 Ne5 33. Bxe5 fxe5 34. b4 d3 35. Rd8+ Kc4 36. c6 e4 37. c7 Kxb4 38. c8Q Qxc8 39. Rxc8 exf3 40. Rb1+ Ka3 41. Rd8 Ka2 42. Rb5 fxg2 43. Rxd3 1-0

[Event "Sofia MGU op 123rd"]
[Site "Sofia"]
[Date "2014.11.01"]
[Round "1"]
[White "Sapareva, Magdalena"]
[Black "Gelemerov, Yane"]
[Result "0-1"]
[WhiteElo "1620"]
[BlackElo "2102"]
[PlyCount "64"]
[EventDate "2014.11.01"]
[EventType "swiss"]
[EventRounds "6"]
[EventCountry "BUL"]
[SourceTitle "EXT 2015"]
[Source "ChessBase"]
[SourceDate "2014.11.20"]
[SourceVersion "1"]
[SourceVersionDate "2014.11.20"]
[SourceQuality "1"]

1. b4 e5 2. Bb2 f6 3. a3 d5 4. e3 Be6 5. Bb5+ c6 6. Ba4 Nd7 7. Nf3 Bd6 8. Bb3 Bf7 9. d3 Ne7 10. Nbd2 0-0 11. c4 f5 12. e4 fxe4 13. dxe4 d4 14. c5 Bc7 15. Bxf7+ Rxf7 16. 0-0 Ng6 17. Nb3 b6 18. cxb6 axb6 19. Nbd2 c5 20. Qb3 Qe7 21. Qd5 Raf8 22. Rac1 b5 23. bxc5 Nf4 24. Qb3 Nxc5 25. Qxb5 Ncd3 26. Rb1 Rb8 27. Qa6 Nxb2 28. Rxb2 Rxb2 29. a4 h6 30. g3 Qe6 31. Qxe6 Nxe6 32. Nc4 Ra2 0-1

[Event "EU-ch Seniors (Women) 13th"]
[Site "Plovdiv"]
[Date "2013.03.19"]
[Round "9"]
[White "Sinchurina, Tatiana"]
[Black "Sapareva, Magdalena"]
[Result "1-0"]
[WhiteElo "2003"]
[BlackElo "1651"]
[PlyCount "88"]
[EventDate "2013.03.11"]
[EventType "swiss"]
[EventRounds "9"]
[EventCountry "BUL"]
[SourceTitle "CBM 153 Extra"]
[Source "ChessBase"]
[SourceDate "2013.04.22"]
[SourceVersion "1"]
[SourceVersionDate "2013.04.22"]
[SourceQuality "1"]

1. e4 c5 2. Nf3 Nc6 3. d4 cxd4 4. Nxd4 e5 5. Nb5 d6 6. N1c3 a6 7. Na3 h6 8. Nd5 Nf6 9. Bd3 Nxd5 10. exd5 Qa5+ 11. c3 Qxd5 12. 0-0 Qa5 13. Nc4 Qd8 14. Be3 b5 15. Nb6 Rb8 16. Nxc8 Qxc8 17. Be4 Be7 18. Qf3 Nd8 19. Rfd1 0-0 20. Ba7 Ne6 21. Bd5 Qd7 22. Bxb8 Rxb8 23. g3 Rf8 24. h4 Nc7 25. Bb3 Ne8 26. a4 Nf6 27. Rd2 Qh3 28. Qg2 Qg4 29. f3 Qc8 30. Kh2 Qc5 31. Qe2 b4 32. Rc2 bxc3 33. Rxc3 Qb6 34. Rac1 d5 35. Qxe5 Qf2+ 36. Kh3 Ne4 37. fxe4 Bf6 38. Qxd5 Bxc3 39. bxc3 Qb2 40. Rf1 Qxc3 41. Rxf7 Qc8+ 42. Rd7+ Kh8 43. Qd4 Rf6 44. Be6 Rg6 1-0